[Event "Oberfranken-ch"]
[Site "Kronach"]
[Date "2023.11.03"]
[Round "4"]
[White "Leiss, Nicolas"]
[Black "Stier, Felix"]
[Result "1-0"]
[WhiteElo "1672"]
[BlackElo "1540"]
[PlyCount "63"]
[EventDate "2023.11.02"]
[EventType "swiss"]
[EventRounds "7"]
[EventCountry "GER"]
[SourceTitle "CB46_2023"]
[SourceDate "2023.11.15"]
[SourceVersion "1"]
[SourceVersionDate "2023.11.15"]
[SourceQuality "1"]

1. e4 c6 2. d4 d5 3. e5 Bf5 4. h4 h5 5. Bd3 Bxd3 6. Qxd3 Qa5+ 7. Nd2 e6 8. Ngf3 Qa6 9. c4 Nd7 10. Qc2 Nh6 11. 0-0 Nf5 12. c5 Be7 13. g3 Nf8 14. Nb3 Nh7 15. Bg5 Kd7 16. Bxe7 Kxe7 17. Qd2 Rhc8 18. Nc1 b6 19. b4 bxc5 20. bxc5 Rab8 21. Nb3 Qc4 22. Rfb1 Rb5 23. Na5 Qa4 24. Rxb5 Qxb5 25. a4 Qa6 26. Rb1 Rc7 27. Qb4 Qe2 28. Rb3 Kd7 29. Kg2 Qe4 30. Nb7 g5 31. Nd6 g4 32. Nxe4 1-0

[Event "Oberfranken-ch"]
[Site "Kronach"]
[Date "2023.11.03"]
[Round "3"]
[White "Stier, Felix"]
[Black "Bauschke, Norman"]
[Result "1/2-1/2"]
[WhiteElo "1540"]
[BlackElo "1615"]
[PlyCount "46"]
[EventDate "2023.11.02"]
[EventType "swiss"]
[EventRounds "7"]
[EventCountry "GER"]
[SourceTitle "CB46_2023"]
[SourceDate "2023.11.15"]
[SourceVersion "1"]
[SourceVersionDate "2023.11.15"]
[SourceQuality "1"]

1. e4 c5 2. Nf3 Nc6 3. Bb5 g6 4. c3 Bg7 5. 0-0 e6 6. d4 cxd4 7. cxd4 a6 8. Bxc6 bxc6 9. Nc3 Ne7 10. e5 0-0 11. Ne4 d5 12. Nf6+ Bxf6 13. exf6 Nf5 14. g4 Nd6 15. g5 Bb7 16. h4 Rc8 17. h5 c5 18. hxg6 fxg6 19. Ne5 cxd4 20. Qg4 Nf5 21. Bf4 Rc2 22. Rac1 Rxb2 23. f7+ Kg7 1/2-1/2

[Event "Oberfranken-ch"]
[Site "Kronach"]
[Date "2023.02.23"]
[Round "1"]
[White "Wagner, Tizian"]
[Black "Stier, Felix"]
[Result "1-0"]
[WhiteElo "1898"]
[BlackElo "1522"]
[PlyCount "102"]
[EventDate "2023.02.23"]
[EventType "swiss"]
[EventRounds "7"]
[EventCountry "GER"]
[SourceTitle "CBM 213 Extra"]
[Source "ChessBase"]
[SourceDate "2023.05.31"]
[SourceVersion "1"]
[SourceVersionDate "2023.05.31"]
[SourceQuality "1"]

1. e4 c6 2. c4 d5 3. exd5 cxd5 4. cxd5 Qxd5 5. Nc3 Qd8 6. d4 Nf6 7. Nf3 e6 8. Bf4 Nc6 9. Bc4 Bd6 10. Be5 Bxe5 11. dxe5 Qxd1+ 12. Rxd1 Ng4 13. Bb5 Bd7 14. h3 Ngxe5 15. Nxe5 Nxe5 16. f4 Nc6 17. Kf2 Rd8 18. Rd2 Ke7 19. Ne4 a6 20. Ba4 b5 21. Bb3 Bc8 22. Rc2 Nd4 23. Rc7+ Rd7 24. Rhc1 Nxb3 25. axb3 f5 26. Ng5 Bb7 27. Nf7 Rc8 28. Rxc8 Bxc8 29. Ne5 Rd2+ 30. Ke3 Rxg2 31. Rxc8 Rxb2 32. Rc7+ Kd6 33. Rd7+ Kc5 34. Nd3+ Kc6 35. Nxb2 Kxd7 36. b4 h6 37. h4 Kd6 38. Kd4 g5 39. hxg5 hxg5 40. fxg5 e5+ 41. Ke3 Kd5 42. Nd3 f4+ 43. Nxf4+ exf4+ 44. Kxf4 Ke6 45. Ke4 Kf7 46. Kf5 Kg7 47. Kf4 Kg6 48. Kg4 a5 49. bxa5 b4 50. a6 b3 51. a7 b2 1-0

[Event "Oberfranken-ch U14"]
[Site "Schney"]
[Date "2020.01.04"]
[Round "3.1"]
[White "Renner, Johannes"]
[Black "Stier, Felix"]
[Result "1/2-1/2"]
[WhiteElo "1361"]
[BlackElo "1470"]
[PlyCount "32"]
[EventDate "2020.01.03"]
[EventType "swiss"]
[EventRounds "7"]
[EventCountry "GER"]
[SourceTitle "EXT 2024"]
[Source "ChessBase"]
[SourceDate "2023.10.10"]
[SourceVersion "1"]
[SourceVersionDate "2023.10.10"]
[SourceQuality "1"]

1. e4 c5 2. Nf3 Nc6 3. d4 cxd4 4. Nxd4 Nf6 5. Nc3 e5 6. Nf3 Bb4 7. Bc4 d6 8. Bd2 Bxc3 9. Bxc3 Nxe4 10. Qd5 Be6 11. Qxe4 d5 12. Qe2 dxc4 13. Bxe5 Nxe5 14. Nxe5 b5 15. 0-0 0-0 16. Rfe1 Qf6 1/2-1/2

[Event "Oberfranken-ch U14"]
[Site "Schney"]
[Date "2019.01.03"]
[Round "2"]
[White "Bieberle, Jan"]
[Black "Stier, Felix"]
[Result "1-0"]
[WhiteElo "1338"]
[BlackElo "1237"]
[PlyCount "65"]
[EventDate "2019.01.03"]
[EventType "swiss"]
[EventRounds "7"]
[EventCountry "GER"]
[SourceTitle "EXT 2021"]
[Source "ChessBase"]
[SourceDate "2020.10.23"]
[SourceVersion "1"]
[SourceVersionDate "2020.10.23"]
[SourceQuality "1"]

1. d4 d5 2. e3 Nc6 3. Bd3 e5 4. c3 Bd6 5. Ne2 Nf6 6. Bd2 e4 7. Bc2 Bg4 8. 0-0 Qd7 9. f3 exf3 10. gxf3 Bh3 11. Rf2 0-0-0 12. Ng3 h5 13. Re2 h4 14. Nh1 Rh5 15. e4 dxe4 16. Bxe4 g5 17. Nf2 Nxe4 18. fxe4 Rg8 19. Nxh3 Qxh3 20. Qf1 Bxh2+ 21. Rxh2 Qxf1+ 22. Kxf1 g4 23. Kg2 Z0 24. Na3 Kd7 25. Rf1 Ke6 26. d5+ Ke5 27. dxc6 bxc6 28. Bf4+ Kxe4 29. Bg3 h3+ 30. Kg1 f5 31. Rf4+ Ke3 32. Nc2+ Kd3 33. Rd4# 1-0

[Event "Oberfranken-ch U14"]
[Site "Schney"]
[Date "2019.01.03"]
[Round "1"]
[White "Stier, Felix"]
[Black "Evseychev, Nikolai"]
[Result "1-0"]
[WhiteElo "1237"]
[BlackElo "1191"]
[PlyCount "29"]
[EventDate "2019.01.03"]
[EventType "swiss"]
[EventRounds "7"]
[EventCountry "GER"]
[SourceTitle "EXT 2021"]
[Source "ChessBase"]
[SourceDate "2020.10.23"]
[SourceVersion "1"]
[SourceVersionDate "2020.10.23"]
[SourceQuality "1"]

1. e4 c6 2. d4 d5 3. Nc3 dxe4 4. Nxe4 Nd7 5. Bc4 Ngf6 6. Ng5 e6 7. Qe2 h6 8. Nxf7 Qe7 9. Nxh8 Nb6 10. Bb3 Bd7 11. Ng6 Qf7 12. Ne5 Qe7 13. Ngf3 0-0-0 14. 0-0 Re8 15. Re1 1-0

[Event "Landesliga U20 Nord 1718"]
[Site "Bayern"]
[Date "2018.03.10"]
[Round "6.4"]
[White "Stier, Felix"]
[Black "Neppert, Paul"]
[Result "0-1"]
[WhiteElo "1133"]
[BlackElo "1486"]
[PlyCount "64"]
[EventDate "2017.11.18"]
[EventType "team-tourn"]
[EventRounds "7"]
[EventCountry "GER"]
[SourceTitle "EXT 2022"]
[Source "ChessBase"]
[SourceDate "2021.10.06"]
[SourceVersion "1"]
[SourceVersionDate "2021.10.06"]
[SourceQuality "1"]
[WhiteTeam "Hoechstadt SC U20"]
[BlackTeam "Neumarkt U20"]
[WhiteTeamCountry "GER"]
[BlackTeamCountry "GER"]

1. e4 e5 2. Nf3 Nc6 3. Bb5 Bc5 4. 0-0 d6 5. b4 Bb6 6. d4 exd4 7. Nxd4 Bd7 8. Bxc6 bxc6 9. Bb2 Nf6 10. Re1 0-0 11. Nf3 Ng4 12. Re2 f6 13. a4 a5 14. bxa5 Rxa5 15. Bc3 Ra8 16. Nbd2 d5 17. h3 Ne5 18. exd5 Nxf3+ 19. Nxf3 cxd5 20. Qxd5+ Kh8 21. a5 Ba7 22. Bb4 Re8 23. Rxe8+ Bxe8 24. Qc4 Qd7 25. Bc5 Qc6 26. Nd4 Qxc5 27. Qxc5 Bxc5 28. Nb3 Bb4 29. Kf1 Bf7 30. Ra4 Bxb3 31. Rxb4 Bxc2 32. Rc4 Bd3+ 0-1